Hacia un desarrollo de la cultura y una cultura del desarrollo /
sin resumen
সংরক্ষণ করুন:
| প্রধান লেখক: | |
|---|---|
| বিন্যাস: | পাঠ্য |
| ট্যাগগুলো: |
ট্যাগ যুক্ত করুন
কোনো ট্যাগ নেই, প্রথমজন হিসাবে ট্যাগ করুন!
|
MARC
| LEADER | 00000 a a2200000 04500 | ||
|---|---|---|---|
| 001 | 15494 | ||
| 003 | |||
| 040 | |||
| 100 | |a Rosales Rodríguez, Amán | ||
| 245 | |a Hacia un desarrollo de la cultura y una cultura del desarrollo / |c Amán Rosales Rodríguez | ||
| 520 | |a sin resumen | ||
| 773 | |g volumen 28, número 67 -68; páginas 71-76 | ||
| 999 | |c 34805 |d 34805 | ||
| 773 | 0 | |0 40315 |9 5191 |a Universidad de Costa Rica |d San José, Montes de Oca, Costa Rica: Editorial Universidad de Costa Rica, 1957- |o MFN: 1597 |t Revista de Filosofía/ |x 00348252 | |
